Negara Terdekat Dengan Malaysia - Statistics

General Stats
  • This quiz has been taken 53 times
  • The average score is 10 of 20
Answer Stats
km negara % Correct
0 Thailand
92%
0 Indonesia
86%
0 Brunei
78%
945 Laos
75%
390 Vietnam
69%
1 Singapura
64%
405 Birma
61%
2250 Australia
53%
53 Filipina
53%
634 India
50%
2537 Nepal
42%
1779 Bangladesh
39%
2411 Bhutan
39%
1339 Palau
39%
1965 Sri Lanka
39%
1664 Taiwan
39%
1453 Cina
36%
1594 Timor Leste
36%
502 Kamboja
33%
1983 Jepang
19%
No matching quizzes found
Score Distribution
Percent of People with Each Score
Percentile by Number Answered
Your Score History
You have not taken this quiz